[Event "HUN-chT4 2223"]
[Site "Gyor"]
[Date "2022.11.13"]
[Round "2"]
[White "Bokros, Albert"]
[Black "Kurcsics, Mate"]
[Result "1-0"]
[WhiteElo "2444"]
[BlackElo "2099"]
[PlyCount "79"]
[EventDate "2022.10.09"]
[EventType "team-tourn"]
[EventRounds "7"]
[EventCountry "HUN"]
[SourceTitle "EXT 2024"]
[Source "ChessBase"]
[SourceDate "2023.10.10"]
[SourceVersion "1"]
[SourceVersionDate "2023.10.10"]
[SourceQuality "1"]
[WhiteTeam "Feher Lo Semmovar"]
[BlackTeam "Szigetkoez"]
[WhiteTeamCountry "HUN"]
[BlackTeamCountry "HUN"]

1. e4 c5 2. Nf3 Nc6 3. d4 cxd4 4. Nxd4 g6 5. c4 Bg7 6. Be3 d6 7. Nc3 Nf6 8. Be2 Bd7 9. Nc2 Qc8 10. f3 Na5 11. Na3 0-0 12. Rc1 Be6 13. Qd2 b6 14. 0-0 Qd7 15. Rfd1 Rfc8 16. b3 Ne8 17. Nab5 Nc7 18. Nd4 Nc6 19. Nxc6 Qxc6 20. f4 Qd7 21. h3 f5 22. Bf3 Rab8 23. Bd4 Ne8 24. exf5 gxf5 25. Re1 Bf7 26. Bxg7 Nxg7 27. Bd5 e6 28. Bf3 a6 29. a4 Qc7 30. Kh2 Rd8 31. Qd4 Qc5 32. Qf6 Qb4 33. Nd5 Qxb3 34. Ne7+ Kf8 35. Rxe6 Nxe6 36. Bh5 Ke8 37. Bxf7+ Kd7 38. Bxe6+ Kc7 39. c5 Qxa4 40. cxd6+ 1-0

[Event "HUN-chT4 Chalupetzky 1819"]
[Site "Hunagry"]
[Date "2019.04.14"]
[Round "9.1"]
[White "Horvath, Tamas"]
[Black "Kurcsics, Mate"]
[Result "1-0"]
[WhiteElo "2085"]
[BlackElo "2127"]
[PlyCount "69"]
[EventDate "2018.10.14"]
[EventType "team-tourn"]
[EventRounds "10"]
[EventCountry "HUN"]
[SourceTitle "EXT 2020"]
[Source "ChessBase"]
[SourceDate "2019.10.17"]
[SourceVersion "1"]
[SourceVersionDate "2019.10.17"]
[SourceQuality "1"]
[WhiteTeam "Toltestava Tornado"]
[BlackTeam "Lovo"]
[WhiteTeamCountry "HUN"]
[BlackTeamCountry "HUN"]

1. Nf3 d5 2. d4 Nf6 3. c4 dxc4 4. e3 b5 5. a4 c6 6. b3 a5 7. bxc4 b4 8. Bd3 Bg4 9. Nbd2 e6 10. Qc2 Bxf3 11. Nxf3 c5 12. Bb2 Nbd7 13. d5 exd5 14. cxd5 Bd6 15. 0-0 0-0 16. e4 Re8 17. Rae1 Qc7 18. Bb5 Re7 19. Bc6 Rc8 20. h3 Be5 21. Nxe5 Nxe5 22. Bxe5 Qxe5 23. Qxc5 Nxe4 24. Qe3 f6 25. d6 Qxd6 26. Qb3+ Kh8 27. Bxe4 Rce8 28. Rd1 Qe5 29. Bc6 Rc8 30. Bb5 g5 31. Qf3 Kg7 32. Rd5 Qc3 33. Qf5 b3 34. Bd3 Ra8 35. Qxh7+ 1-0

[Event "HUN-chT4 Chalupetzky 1819"]
[Site "Hunagry"]
[Date "2019.03.24"]
[Round "8.1"]
[White "Kurcsics, Mate"]
[Black "Toth, Balazs1111"]
[Result "1-0"]
[WhiteElo "2127"]
[BlackElo "1908"]
[PlyCount "101"]
[EventDate "2018.10.14"]
[EventType "team-tourn"]
[EventRounds "10"]
[EventCountry "HUN"]
[SourceTitle "EXT 2020"]
[Source "ChessBase"]
[SourceDate "2019.10.17"]
[SourceVersion "1"]
[SourceVersionDate "2019.10.17"]
[SourceQuality "1"]
[WhiteTeam "Lovo"]
[BlackTeam "Gyor Bastya"]
[WhiteTeamCountry "HUN"]
[BlackTeamCountry "HUN"]

1. e4 d5 2. e5 e6 3. d4 c5 4. c3 Nc6 5. Bb5 Qb6 6. Bxc6+ bxc6 7. Ne2 f6 8. Nf4 Qc7 9. Qh5+ Qf7 10. exf6 gxf6 11. 0-0 Qxh5 12. Nxh5 Rb8 13. b3 cxd4 14. cxd4 Kf7 15. Bf4 Rb4 16. Be3 Bd6 17. Nd2 Ne7 18. Rac1 Bd7 19. Nf3 Rb7 20. Bf4 Ba3 21. Rc2 Rc8 22. h3 Nf5 23. Re1 Nd6 24. g4 Ne4 25. Ng3 Nxg3 26. Bxg3 h6 27. Bf4 Bf8 28. h4 e5 29. dxe5 Bxg4 30. Kg2 Rb4 31. Bg3 Bxf3+ 32. Kxf3 Ke6 33. exf6+ Kxf6 34. Rce2 Rb7 35. Re6+ Kg7 36. h5 Rf7+ 37. Kg4 c5 38. Rg6+ Kh7 39. Ree6 Rg7 40. Be5 Rxg6+ 41. hxg6+ Kg8 42. g7 Bxg7 43. Rg6 Re8 44. Rxg7+ Kf8 45. Bf6 Re6 46. Kf5 Re2 47. Rxa7 Rxf2+ 48. Ke6 Re2+ 49. Be5 Kg8 50. Rg7+ Kf8 51. Rh7 1-0

[Event "HUN-chT4 Chalupetzky 1819"]
[Site "Hunagry"]
[Date "2019.01.20"]
[Round "5.2"]
[White "Rako, Istvan"]
[Black "Kurcsics, Mate"]
[Result "1/2-1/2"]
[WhiteElo "2032"]
[BlackElo "2127"]
[PlyCount "132"]
[EventDate "2018.10.14"]
[EventType "team-tourn"]
[EventRounds "10"]
[EventCountry "HUN"]
[SourceTitle "EXT 2020"]
[Source "ChessBase"]
[SourceDate "2019.10.17"]
[SourceVersion "1"]
[SourceVersionDate "2019.10.17"]
[SourceQuality "1"]
[WhiteTeam "KSE Level"]
[BlackTeam "Lovo"]
[WhiteTeamCountry "HUN"]
[BlackTeamCountry "HUN"]

1. g3 d5 2. c3 Nf6 3. d4 e6 4. Bg2 Be7 5. Nf3 Nbd7 6. 0-0 b6 7. Qa4 c5 8. Ne5 Bb7 9. Bf4 0-0 10. Nc6 Bxc6 11. Qxc6 Rc8 12. Qa4 cxd4 13. cxd4 Rc4 14. Qxa7 Rxd4 15. Bc7 Qa8 16. Bxb6 Rb4 17. Qxa8 Rxa8 18. Be3 Rxb2 19. a4 Bc5 20. Bd2 Bb4 21. Bxb4 Rxb4 22. Nc3 Ra5 23. e3 Kf8 24. Rfb1 Rxb1+ 25. Rxb1 Nc5 26. Bf1 Nfe4 27. Nxe4 Nxe4 28. Rb8+ Ke7 29. Bb5 Ra7 30. Re8+ Kd6 31. Rc8 Rc7 32. Rd8+ Kc5 33. Bd3 Ra7 34. a5 Kc6 35. Rc8+ Kd7 36. Rh8 Nc5 37. Bb5+ Ke7 38. Rxh7 Rxa5 39. Be2 Kf6 40. Rh8 Ra2 41. Kf1 Ra1+ 42. Kg2 Ne4 43. Rc8 Ra2 44. Kf1 Nd6 45. Rc6 Nf5 46. Rc7 Ra4 47. Bb5 Ra1+ 48. Kg2 Ra2 49. Kf1 Nd6 50. Be2 Ke5 51. Rc6 Ne4 52. Rc1 Rd2 53. Ke1 Rb2 54. Kf1 Rb1 55. Rxb1 Nd2+ 56. Ke1 Nxb1 57. Bd3 Nc3 58. Kd2 Na4 59. h4 Nc5 60. Bc2 d4 61. exd4+ Kxd4 62. Bd1 Ne4+ 63. Ke1 Nc3 64. Bb3 Ke5 65. Kd2 Nd5 66. Kd3 Nb4+ 1/2-1/2

[Event "HUN-chT2 Charousek 1819"]
[Site "Hungary"]
[Date "2018.12.02"]
[Round "5.10"]
[White "Kurcsics, Mate"]
[Black "Merenyi, Gabor"]
[Result "1-0"]
[WhiteElo "2118"]
[BlackElo "1937"]
[PlyCount "83"]
[EventDate "2018.09.23"]
[EventType "team-tourn"]
[EventRounds "11"]
[EventCountry "HUN"]
[SourceTitle "CBM 189 Extra"]
[Source "ChessBase"]
[SourceDate "2019.06.03"]
[SourceVersion "1"]
[SourceVersionDate "2019.06.03"]
[SourceQuality "1"]
[WhiteTeam "Szentgotthard Alsoszolnok"]
[BlackTeam "Budapest HUSI"]
[WhiteTeamCountry "HUN"]
[BlackTeamCountry "HUN"]

1. e4 e5 2. Nf3 d6 3. h3 Nc6 4. Nc3 g6 5. Bc4 Bg7 6. d3 Nge7 7. 0-0 Na5 8. Bb3 Nxb3 9. axb3 0-0 10. Nh2 Be6 11. f4 f5 12. fxe5 Bxe5 13. Bh6 Bg7 14. Qd2 Qd7 15. Bxg7 Kxg7 16. Qe3 a6 17. Nf3 h6 18. Rae1 Rae8 19. Nd4 Ng8 20. exf5 Bxf5 21. Nxf5+ gxf5 22. Qg3+ Kh7 23. Rxe8 Qxe8 24. Nd5 Qe5 25. Nf4 Qf6 26. Re1 Rf7 27. c3 Re7 28. Rf1 c6 29. Qf3 Re5 30. Nh5 Qg5 31. d4 Rd5 32. Re1 b5 33. Nf4 Nf6 34. Nxd5 Nxd5 35. h4 Qxh4 36. Qxf5+ Kg7 37. Qd7+ Kg6 38. Qxd6+ Kf7 39. Qd7+ Ne7 40. Rf1+ Kg7 41. Qe6 Ng8 42. Rf7+ 1-0

[Event "HUN-chT4 Chalupetzky 1819"]
[Site "Hunagry"]
[Date "2018.11.25"]
[Round "3.1"]
[White "Toth, Balazs1111"]
[Black "Kurcsics, Mate"]
[Result "0-1"]
[WhiteElo "1914"]
[BlackElo "2127"]
[PlyCount "98"]
[EventDate "2018.10.14"]
[EventType "team-tourn"]
[EventRounds "10"]
[EventCountry "HUN"]
[SourceTitle "EXT 2020"]
[Source "ChessBase"]
[SourceDate "2019.10.17"]
[SourceVersion "1"]
[SourceVersionDate "2019.10.17"]
[SourceQuality "1"]
[WhiteTeam "Gyor Bastya"]
[BlackTeam "Lovo"]
[WhiteTeamCountry "HUN"]
[BlackTeamCountry "HUN"]

1. e4 c5 2. Nf3 Nc6 3. c3 g6 4. d4 cxd4 5. cxd4 Bg7 6. Nc3 d6 7. Bb5 Bd7 8. Be3 Nf6 9. 0-0 0-0 10. h3 Qa5 11. Be2 a6 12. a3 Rac8 13. b4 Qc7 14. Rc1 Qb8 15. Qd2 b5 16. Bh6 e6 17. Bxg7 Kxg7 18. d5 exd5 19. exd5 Ne5 20. Qd4 Nxf3+ 21. gxf3 Bf5 22. Ne4 Bxe4 23. fxe4 Rxc1 24. Rxc1 Rc8 25. Re1 Qc7 26. f3 Qc3 27. Qxc3 Rxc3 28. Ra1 Rc2 29. Bf1 Nd7 30. a4 Ne5 31. Bg2 Rb2 32. axb5 axb5 33. Ra6 Nc4 34. Bf1 Nd2 35. Bxb5 Nxf3+ 36. Kf1 Nd2+ 37. Ke1 Nxe4 38. Bd3 Rxb4 39. Bxe4 Rxe4+ 40. Kf2 Rf4+ 41. Ke3 Rf6 42. Kd4 g5 43. Kc4 h5 44. Kb5 g4 45. hxg4 hxg4 46. Kc6 g3 47. Ra1 g2 48. Rg1 Rg6 49. Kd7 f5 0-1

[Event "HUN-chT4 Chalupetzky 1819"]
[Site "Hunagry"]
[Date "2018.11.04"]
[Round "2.2"]
[White "Kurcsics, Mate"]
[Black "Nemeth, Janos"]
[Result "1-0"]
[WhiteElo "2127"]
[BlackElo "1847"]
[PlyCount "37"]
[EventDate "2018.10.14"]
[EventType "team-tourn"]
[EventRounds "10"]
[EventCountry "HUN"]
[SourceTitle "EXT 2020"]
[Source "ChessBase"]
[SourceDate "2019.10.17"]
[SourceVersion "1"]
[SourceVersionDate "2019.10.17"]
[SourceQuality "1"]
[WhiteTeam "Lovo"]
[BlackTeam "Fertoszentmiklos"]
[WhiteTeamCountry "HUN"]
[BlackTeamCountry "HUN"]

1. e4 c5 2. Nf3 d6 3. Bb5+ Bd7 4. Bxd7+ Qxd7 5. Nc3 Nc6 6. d3 e6 7. h3 Be7 8. 0-0 Nf6 9. Nh2 0-0 10. f4 a6 11. Ng4 b5 12. f5 b4 13. Nxf6+ Bxf6 14. Ne2 exf5 15. Rxf5 Nd4 16. Rxf6 Nxe2+ 17. Qxe2 gxf6 18. Bh6 Rfe8 19. Qf3 1-0

[Event "HUN-chT4 Chalupetzky 1718"]
[Site "Hungary"]
[Date "2018.03.11"]
[Round "7.4"]
[White "Gyurkovics, Bence"]
[Black "Kurcsics, Mate"]
[Result "1-0"]
[WhiteElo "2276"]
[BlackElo "2041"]
[PlyCount "109"]
[EventDate "2017.10.15"]
[EventType "team-tourn"]
[EventRounds "7"]
[EventCountry "HUN"]
[SourceTitle "EXT 2019"]
[Source "ChessBase"]
[SourceDate "2018.10.10"]
[SourceVersion "1"]
[SourceVersionDate "2018.10.10"]
[SourceQuality "1"]
[WhiteTeam "Gyor Szechenyi"]
[BlackTeam "Lovo"]
[WhiteTeamCountry "HUN"]
[BlackTeamCountry "HUN"]

1. d4 Nf6 2. c4 e6 3. Nf3 b6 4. g3 Bb7 5. Bg2 Be7 6. 0-0 0-0 7. Nc3 d5 8. Ne5 Nbd7 9. Qa4 c6 10. Rd1 Qc8 11. Bg5 Bd6 12. cxd5 b5 13. dxc6 Bxc6 14. Nxb5 Bxb5 15. Qxb5 Rb8 16. Qa5 Rxb2 17. Rdc1 Qb8 18. Bxf6 Nxf6 19. Nc6 Qb6 20. Qxa7 Qxa7 21. Nxa7 Rxe2 22. a4 e5 23. Nb5 Bb4 24. Bf3 Rb2 25. dxe5 Nd7 26. Rab1 Rxb1 27. Rxb1 Ba5 28. Nd4 Nxe5 29. Rb5 Bc3 30. Rxe5 Bxd4 31. Rd5 Ba7 32. a5 Re8 33. Rd7 Bc5 34. Bd5 Re1+ 35. Kg2 h6 36. Rxf7 Kh8 37. a6 Ra1 38. Rc7 Bb6 39. Rc8+ Kh7 40. Bg8+ Kh8 41. Bc4+ Kh7 42. Bd3+ g6 43. Rc6 Bd4 44. Rxg6 Ra3 45. Be4 Kh8 46. Rxh6+ Kg7 47. Rd6 Bc5 48. Rc6 Bd4 49. h4 Ra2 50. Bc2 Ra5 51. g4 Be5 52. h5 Bd4 53. h6+ Kf8 54. h7 Kg7 55. Rc8 1-0

[Event "HUN-chT2 Charousek 1718"]
[Site "Hungary"]
[Date "2018.01.28"]
[Round "5.10"]
[White "Balogh, Peter1111"]
[Black "Kurcsics, Mate"]
[Result "1/2-1/2"]
[WhiteElo "2095"]
[BlackElo "2055"]
[PlyCount "109"]
[EventDate "2017.10.29"]
[EventType "team-tourn"]
[EventRounds "9"]
[EventCountry "HUN"]
[SourceTitle "EXT 2021"]
[Source "ChessBase"]
[SourceDate "2020.10.23"]
[SourceVersion "1"]
[SourceVersionDate "2020.10.23"]
[SourceQuality "1"]
[WhiteTeam "Gyor Szechenyi"]
[BlackTeam "Szentgotthard Alsoszolnok"]
[WhiteTeamCountry "HUN"]
[BlackTeamCountry "HUN"]

1. e4 c5 2. Nf3 Nc6 3. d4 cxd4 4. Nxd4 g6 5. Nc3 Bg7 6. Be3 Nf6 7. Nb3 0-0 8. Be2 d6 9. 0-0 a6 10. f4 Be6 11. Bf3 Nd7 12. g4 Nb6 13. Be2 Bc4 14. Kh1 Bxe2 15. Qxe2 Rc8 16. Bxb6 Qxb6 17. Nd5 Qd8 18. c3 e6 19. Ne3 Na5 20. Rad1 Qb6 21. g5 Nxb3 22. axb3 Qc6 23. Qg2 f5 24. gxf6 Rxf6 25. Nc4 Bf8 26. e5 Qxg2+ 27. Kxg2 dxe5 28. Nxe5 Rc7 29. Rd8 Kg7 30. Rfd1 Rxf4 31. R1d7+ Rxd7 32. Rxd7+ Kf6 33. Nd3 Rg4+ 34. Kf3 Rh4 35. Nf2 h5 36. h3 Bh6 37. Kg3 Rf4 38. h4 Rf5 39. Rxb7 Ra5 40. c4 Ke5 41. Nd3+ Ke4 42. b4 Ra1 43. Nc5+ Ke5 44. Rb6 Rg1+ 45. Kf3 Kd4 46. Rxe6 Kxc4 47. Nxa6 Kb5 48. Nc7+ Kxb4 49. Nd5+ Kc4 50. Ne7 Bc1 51. Kf2 Rh1 52. Kg2 Rxh4 53. Rc6+ Kb3 54. Rxc1 Kxb2 55. Rc5 1/2-1/2

[Event "HUN-chT4 Chalupetzky 1718"]
[Site "Hungary"]
[Date "2018.01.21"]
[Round "5.4"]
[White "Nemeth, Janos"]
[Black "Kurcsics, Mate"]
[Result "0-1"]
[WhiteElo "1867"]
[BlackElo "2041"]
[PlyCount "46"]
[EventDate "2017.10.15"]
[EventType "team-tourn"]
[EventRounds "7"]
[EventCountry "HUN"]
[SourceTitle "EXT 2019"]
[Source "ChessBase"]
[SourceDate "2018.10.10"]
[SourceVersion "1"]
[SourceVersionDate "2018.10.10"]
[SourceQuality "1"]
[WhiteTeam "Fertoszentmiklos"]
[BlackTeam "Lovo"]
[WhiteTeamCountry "HUN"]
[BlackTeamCountry "HUN"]

1. e4 c5 2. Nf3 Nc6 3. d4 cxd4 4. Nxd4 g6 5. Nc3 Bg7 6. Be3 Nf6 7. Bc4 0-0 8. Bb3 d6 9. f3 Bd7 10. h4 h5 11. Qd2 a6 12. 0-0-0 Ne5 13. Bg5 Rc8 14. Kb1 Nc4 15. Bxc4 Rxc4 16. Bh6 Nxe4 17. Nxe4 Rxd4 18. Qe3 Qb6 19. Rxd4 Bxd4 20. Qa3 Bg7 21. Bg5 d5 22. Bxe7 dxe4 23. Bxf8 Bxf8 0-1

[Event "HUN-chT2 Charousek 1718"]
[Site "Hungary"]
[Date "2017.11.26"]
[Round "2.11"]
[White "Horvath, Reka"]
[Black "Kurcsics, Mate"]
[Result "1/2-1/2"]
[WhiteElo "2058"]
[BlackElo "2041"]
[PlyCount "127"]
[EventDate "2017.10.29"]
[EventType "team-tourn"]
[EventRounds "9"]
[EventCountry "HUN"]
[SourceTitle "EXT 2020"]
[Source "ChessBase"]
[SourceDate "2019.10.17"]
[SourceVersion "1"]
[SourceVersionDate "2019.10.17"]
[SourceQuality "1"]
[WhiteTeam "Haladas Szombathely II"]
[BlackTeam "Szentgotthard Alsoszolnok"]
[WhiteTeamCountry "HUN"]
[BlackTeamCountry "HUN"]

1. Nf3 d5 2. g3 Nf6 3. Bg2 e6 4. 0-0 Bd6 5. d4 0-0 6. b3 b6 7. c4 Bb7 8. Bb2 c5 9. cxd5 Bxd5 10. Nc3 Bb7 11. Nb5 Na6 12. Nxd6 Qxd6 13. dxc5 Qxc5 14. Bxf6 gxf6 15. Rc1 Rad8 16. Qe1 Qb4 17. Qxb4 Nxb4 18. Rc7 Bxf3 19. Bxf3 a5 20. Rfc1 Rd6 21. a3 Na6 22. Ra7 Nc5 23. b4 axb4 24. axb4 Nd7 25. Rb7 Ne5 26. Bh5 Rfd8 27. f4 Rd1+ 28. Rxd1 Rxd1+ 29. Kg2 Nd7 30. Bf3 Rd6 31. b5 Nc5 32. Rb8+ Kg7 33. Bc6 Na4 34. Rb7 Kf8 35. Rb8+ Kg7 36. Kh3 Rd2 37. Rb7 Kf8 38. Rb8+ Kg7 39. Rb7 Kf8 40. e4 Nc3 41. Rxb6 Ne2 42. Kg4 Ng1 43. h4 Rd3 44. f5 Ne2 45. e5 Rxg3+ 46. Kh5 Kg7 47. exf6+ Kxf6 48. Kh6 Rh3 49. Kxh7 Rxh4+ 50. Kg8 Nf4 51. Rb7 Rg4+ 52. Kf8 Kxf5 53. Rxf7+ Ke5 54. b6 Kd6 55. b7 Ng6+ 56. Ke8 Rb4 57. Bg2 Ne5 58. Re7 Nc4 59. Rd7+ Ke5 60. Kd8 Na5 61. Kc8 Nxb7 62. Bxb7 Rc4+ 63. Kd8 Rd4 64. Rxd4 1/2-1/2

[Event "HUN-chT4 Chalupetzky 1718"]
[Site "Hungary"]
[Date "2017.10.15"]
[Round "1.2"]
[White "Kurcsics, Mate"]
[Black "Petrecz, Gyula"]
[Result "1-0"]
[WhiteElo "2041"]
[BlackElo "1776"]
[PlyCount "120"]
[EventDate "2017.10.15"]
[EventType "team-tourn"]
[EventRounds "7"]
[EventCountry "HUN"]
[SourceTitle "EXT 2019"]
[Source "ChessBase"]
[SourceDate "2018.10.10"]
[SourceVersion "1"]
[SourceVersionDate "2018.10.10"]
[SourceQuality "1"]
[WhiteTeam "Lovo"]
[BlackTeam "Gonyu"]
[WhiteTeamCountry "HUN"]
[BlackTeamCountry "HUN"]

1. e4 d5 2. exd5 Nf6 3. Bb5+ Bd7 4. Bxd7+ Qxd7 5. c4 c6 6. dxc6 Nxc6 7. Nf3 e5 8. 0-0 Bd6 9. Nc3 0-0 10. Qe2 Rfe8 11. Ne4 Nxe4 12. Qxe4 Rad8 13. a3 Bb8 14. b4 Nd4 15. Nxd4 Qxd4 16. Qxd4 Rxd4 17. c5 f6 18. Re1 Red8 19. f3 Bc7 20. Kf1 Rc4 21. Ra2 b6 22. cxb6 Bxb6 23. Ke2 Bd4 24. d3 Rc7 25. Be3 Bxe3 26. Kxe3 Rc3 27. Rd1 Kf7 28. b5 Ke6 29. a4 Rdc8 30. Rb1 Rd8 31. Rd1 Rdc8 32. Rdd2 R8c7 33. a5 Kd7 34. Rdb2 Rb7 35. Ra4 Rc5 36. Rab4 g6 37. d4 Rc3+ 38. Ke4 exd4 39. Kxd4 Ra3 40. a6 Rb6 41. Kc5 f5 42. Rd4+ Ke6 43. Re2+ Kf6 44. Rd6+ Rxd6 45. Kxd6 Rc3 46. Rb2 Rd3+ 47. Kc6 Ke6 48. Re2+ Kf7 49. b6 axb6 50. a7 Ra3 51. Kb7 b5 52. a8Q Rxa8 53. Kxa8 Kf6 54. Kb7 Kg5 55. Kc6 b4 56. Kc5 b3 57. Kc4 Kf4 58. Kxb3 g5 59. Kc2 h5 60. Kd2 g4 1-0

[Event "HUN-chT2 Szechenyi 1617"]
[Site "Hungary"]
[Date "2017.02.26"]
[Round "9.5"]
[White "Kurcsics, Mate"]
[Black "Joo, Gabor"]
[Result "1-0"]
[WhiteElo "1960"]
[BlackElo "2023"]
[PlyCount "183"]
[EventDate "2016.09.25"]
[EventType "team-tourn"]
[EventRounds "11"]
[EventCountry "HUN"]
[SourceTitle "EXT 2021"]
[Source "ChessBase"]
[SourceDate "2020.10.23"]
[SourceVersion "1"]
[SourceVersionDate "2020.10.23"]
[SourceQuality "1"]
[WhiteTeam "Lovo"]
[BlackTeam "Haladas Szombathely III"]
[WhiteTeamCountry "HUN"]
[BlackTeamCountry "HUN"]

1. e4 c5 2. Nf3 d6 3. Bb5+ Bd7 4. Bxd7+ Qxd7 5. 0-0 Nc6 6. Nc3 Nf6 7. d3 e6 8. Bf4 Be7 9. e5 dxe5 10. Nxe5 Nxe5 11. Bxe5 0-0 12. Qe2 Rfd8 13. Rfd1 Qc6 14. Rab1 a6 15. Bxf6 Bxf6 16. Ne4 Be7 17. h3 Rd7 18. Nd2 b5 19. Qe4 Qxe4 20. Nxe4 Rad8 21. Kf1 c4 22. Ke2 cxd3+ 23. Rxd3 Rxd3 24. cxd3 Rc8 25. Kd1 Kf8 26. Rc1 Rxc1+ 27. Kxc1 Ke8 28. Kc2 Kd7 29. d4 Kc6 30. Kd3 f5 31. Nc3 g5 32. g4 Bf6 33. Nd1 fxg4 34. hxg4 Kd6 35. Ke4 Bd8 36. Nc3 Ba5 37. Nd1 Bd2 38. b3 Be1 39. f3 Ba5 40. Nf2 Bc7 41. Nd3 Bb6 42. Ne5 Ke7 43. a4 bxa4 44. bxa4 Bc7 45. Nc6+ Kd6 46. Nb4 a5 47. Nd3 Ke7 48. Nb2 Bg3 49. Kd3 Kd7 50. Kc4 Kc6 51. Nd3 Bd6 52. Nf2 Bb4 53. Ne4 Be7 54. Nc3 Bb4 55. Nb5 Be1 56. Kd3 Kd5 57. Nc7+ Kd6 58. Ne8+ Ke7 59. Ng7 Kf7 60. Nh5 Kg6 61. Kc4 Kf7 62. d5 exd5+ 63. Kxd5 h6 64. Ke5 Bd2 65. Kf5 Be1 66. Nf6 Bd2 67. Ne4 Be1 68. Nd6+ Ke7 69. Nc4 Kd7 70. Kg6 Kc6 71. Kxh6 Kc5 72. Nxa5 Bxa5 73. Kxg5 Kd6 74. Kf6 Bc3+ 75. Kf7 Bd2 76. Kf6 Bc3+ 77. Kf5 Ke7 78. f4 Kf7 79. g5 Kg7 80. Kg4 Kg6 81. f5+ Kg7 82. g6 Bd2 83. Kf3 Kf6 84. Ke4 Bc3 85. Kd3 Be5 86. a5 Bc7 87. a6 Bb6 88. Kc4 Ba7 89. Kd5 Bf2 90. Kc6 Bd4 91. Kb7 Kxf5 92. a7 1-0

[Event "HUN-chT2 Szechenyi 1617"]
[Site "Hungary"]
[Date "2016.11.13"]
[Round "4.6"]
[White "Kurcsics, Mate"]
[Black "Mezei, Zsolt"]
[Result "1/2-1/2"]
[WhiteElo "1960"]
[BlackElo "1867"]
[PlyCount "101"]
[EventDate "2016.09.25"]
[EventType "team-tourn"]
[EventRounds "11"]
[EventCountry "HUN"]
[SourceTitle "EXT 2021"]
[Source "ChessBase"]
[SourceDate "2020.10.23"]
[SourceVersion "1"]
[SourceVersionDate "2020.10.23"]
[SourceQuality "1"]
[WhiteTeam "Lovo"]
[BlackTeam "Papa"]
[WhiteTeamCountry "HUN"]
[BlackTeamCountry "HUN"]

1. e4 d6 2. Nf3 e5 3. Bc4 h6 4. h3 Nd7 5. d3 Nb6 6. Bb3 a5 7. a4 Nf6 8. Be3 c5 9. Nc3 Bd7 10. 0-0 Be7 11. Nd2 0-0 12. f4 Be6 13. fxe5 dxe5 14. Qf3 Qd6 15. Qg3 Kh7 16. Rf5 Bd7 17. Nb5 Bxb5 18. axb5 Qd7 19. Qxe5 Bd6 20. Qc3 a4 21. Ba2 Qd8 22. Nc4 Nxc4 23. Bxc4 Nd7 24. Bf4 Bxf4 25. Rxf4 f6 26. Bd5 Qb6 27. Bc4 Qd6 28. Raf1 b6 29. Bd5 Ra5 30. Bc6 Ne5 31. Rf5 Rd8 32. Qe1 Nxc6 33. bxc6 Qxc6 34. Qh4 Rd6 35. g4 Ra7 36. Qg3 c4 37. dxc4 Rd2 38. Qc3 Rad7 39. Rd5 R7xd5 40. exd5 Qc5+ 41. Kh1 Rd4 42. Re1 b5 43. Qf3 bxc4 44. Rd1 Rxd1+ 45. Qxd1 c3 46. bxc3 Qxc3 47. d6 Qxh3+ 48. Kg1 Qg3+ 49. Kf1 Qf4+ 50. Kg2 Qe4+ 51. Kg3 1/2-1/2

[Event "HUN-chT4 1617"]
[Site "Hungary"]
[Date "2016.11.06"]
[Round "2.1"]
[White "Kurcsics, Mate"]
[Black "Nagy, Hunor"]
[Result "1/2-1/2"]
[WhiteElo "1999"]
[BlackElo "1984"]
[PlyCount "91"]
[EventDate "2016.10.02"]
[EventType "team-tourn"]
[EventRounds "7"]
[EventCountry "HUN"]
[SourceTitle "EXT 2019"]
[Source "ChessBase"]
[SourceDate "2018.10.10"]
[SourceVersion "1"]
[SourceVersionDate "2018.10.10"]
[SourceQuality "1"]

1. e4 e5 2. Nf3 Nc6 3. Bc4 Nf6 4. d3 Bc5 5. Nc3 d6 6. h3 h6 7. 0-0 Be6 8. Bb3 Qd7 9. Be3 Bb6 10. Nh2 Nd4 11. Ne2 Nxe2+ 12. Qxe2 Bxe3 13. fxe3 0-0-0 14. Rf2 Rdf8 15. Raf1 Qe7 16. Qf3 Kb8 17. Bxe6 fxe6 18. Ng4 Nd7 19. Qg3 Rxf2 20. Rxf2 Rf8 21. Nh2 Rxf2 22. Kxf2 Nf6 23. Qg6 Kc8 24. Ng4 Nxg4+ 25. Qxg4 Kd7 26. Qg6 c6 27. Ke2 Kc7 28. d4 exd4 29. exd4 b6 30. h4 Kd7 31. g3 Kc7 32. c3 Kd7 33. Qh7 Kc7 34. Qg8 Kb7 35. a3 e5 36. Qh7 exd4 37. cxd4 Qf7 38. Qf5 Qc4+ 39. Ke3 Qc1+ 40. Kf3 Qd1+ 41. Kf4 Qf1+ 42. Ke3 Qc1+ 43. Kf3 Qd1+ 44. Kf4 Qf1+ 45. Kg4 Qd1+ 46. Kf4 1/2-1/2

[Event "HUN-chT4 1617"]
[Site "Hungary"]
[Date "2016.10.02"]
[Round "1.4"]
[White "Kurcsics, Mate"]
[Black "Frank, Jozsef"]
[Result "1-0"]
[WhiteElo "1970"]
[BlackElo "2008"]
[PlyCount "45"]
[EventDate "2016.10.02"]
[EventType "team-tourn"]
[EventRounds "7"]
[EventCountry "HUN"]
[SourceTitle "EXT 2019"]
[Source "ChessBase"]
[SourceDate "2018.10.10"]
[SourceVersion "1"]
[SourceVersionDate "2018.10.10"]
[SourceQuality "1"]

1. e4 c5 2. Nf3 e6 3. Nc3 a6 4. a4 Nc6 5. Bc4 Nge7 6. h3 Nd4 7. Nxd4 cxd4 8. Ne2 Nc6 9. 0-0 g6 10. d3 Bg7 11. Bf4 d6 12. Qd2 0-0 13. Bh6 e5 14. Bxg7 Kxg7 15. f4 f5 16. exf5 Bxf5 17. Bd5 Qb6 18. Ng3 Ne7 19. Bb3 Rf6 20. fxe5 dxe5 21. Rae1 Qd6 22. Qg5 Kh8 23. Ne4 1-0

[Event "HUN-chT2 Szechenyi 1516"]
[Site "Hungary"]
[Date "2016.04.03"]
[Round "10.6"]
[White "Borhy, Marcell Boldizsar"]
[Black "Kurcsics, Mate"]
[Result "1/2-1/2"]
[WhiteElo "1943"]
[BlackElo "1916"]
[PlyCount "147"]
[EventDate "2015.09.13"]
[EventType "team-tourn"]
[EventRounds "11"]
[EventCountry "HUN"]
[SourceTitle "EXT 2017"]
[Source "ChessBase"]
[SourceDate "2016.10.25"]
[SourceVersion "1"]
[SourceVersionDate "2016.10.25"]
[SourceQuality "1"]
[WhiteTeam "HVSE Infraplan"]
[BlackTeam "Lovo"]
[WhiteTeamCountry "HUN"]
[BlackTeamCountry "HUN"]

1. d4 Nf6 2. c4 e6 3. g3 b6 4. Bg2 d5 5. cxd5 Nxd5 6. Nf3 Bb4+ 7. Bd2 Bxd2+ 8. Qxd2 0-0 9. 0-0 Bb7 10. Rd1 Nd7 11. Na3 c5 12. Rac1 Qe7 13. Nc4 Rac8 14. e4 N5f6 15. e5 Ne4 16. Qe3 Bd5 17. Ne1 cxd4 18. Qxd4 Bxc4 19. Rxc4 Ndc5 20. b4 Rfd8 21. Qa1 Nd2 22. Rd4 Rxd4 23. Qxd4 Rd8 24. Qe3 Nc4 25. Rxd8+ Qxd8 26. Qe2 Qd4 27. bxc5 bxc5 28. Nd3 Nb6 29. Qe3 Qa1+ 30. Qc1 Qxa2 31. Qxc5 g6 32. h3 Qb1+ 33. Bf1 Qa1 34. Kg2 Nd5 35. Nb4 Nxb4 36. Qxb4 Qxe5 37. Qb5 Qc7 38. Qa6 Kg7 39. Be2 Kf6 40. Bf3 Qc5 41. Bc6 Kg7 42. Qa1+ Kg8 43. Qa6 Kg7 44. Qb5 Qe7 45. Qb7 Qd6 46. Be8 Qf8 47. Bd7 a5 48. Bxe6 a4 49. Ba2 a3 50. Qd7 Kg8 51. Kh2 Kg7 52. Qd4+ Kg8 53. Qf6 Qe8 54. h4 Qd7 55. h5 gxh5 56. Qg5+ Kf8 57. Qc5+ Qe7 58. Qxe7+ Kxe7 59. Kh3 Kf6 60. Bb1 Kg5 61. f4+ Kh6 62. g4 hxg4+ 63. Kxg4 Kg7 64. Kg5 h6+ 65. Kf5 f6 66. Ba2 h5 67. Bb3 Kh6 68. Bf7 Kg7 69. Bd5 Kf8 70. Ke4 Kg7 71. Kf5 Kf8 72. Ke4 Kg7 73. Kf5 Kf8 74. Be6 1/2-1/2